00469nam a2200145Ia 4500008004100000082001200041082000800053245008800061245002300149260002300172300000900195942000800204999001900212952009200231231017s9999 xx 000 0 und d a624.171 bPRO 0aCost 345: Procedure Required for the Assessment of Highway Structures: Final Report 0cEuopean Commission bEuopean Commission c30cm cREP c603840d603840 00104070aNITbNITd2023-10-17l0o624.171 PROpNIT-4186r2023-10-17w2023-10-17yREP